000 00484nam a2200169Ia 4500
008 090201s9999 xx 000 0 und d
010 _aKPL-36575
040 _bमराठी
041 _aमराठी
082 _a27532
_b36575
100 _aवा शि आपटे
245 _aआपलं बाळ
_cवा शि आपटे
260 _c2004
_bवरदा बुक्स
300 _a395
_bमोठा
600 _aआपलं बाळ
942 _cBOOK
999 _c226388
_d226388